| 000 | 00487nam a2200193Ia 4500 | ||
|---|---|---|---|
| 003 | GCL | ||
| 008 | 140319s9999 xx 000 0 eng d | ||
| 040 |
_aGCL / _cGCL |
||
| 082 | 0 | 4 |
_a861 _bED |
| 100 | 1 | _aESPRONCEDA,JOSE | |
| 245 | 1 | 0 |
_aEL DIANTE DE SALOWANCA POESIA / _cESPRONCEDA,JOSE |
| 260 |
_a[S.N] : _bALIANZA EDITORIAL ، _c1987 |
||
| 300 | _a319 | ||
| 650 | 0 | 4 | _aLITERATURE |
| 650 | 0 | 4 | _aPOEMS |
| 650 | 0 | 4 | _aSPANISH LITERATURE |
| 650 | 0 | 4 | _aSPANISH POETRY |
| 942 |
_2ddc _cBK |
||
| 999 |
_c11565 _d11565 |
||